000 00518nam a2200181Ia 4500
008 100917s9999 xx 000 0 und d
082 _b47981
100 _aगडकर रेचल
245 _aबारा भाऊ
260 _bअरगडे कुलकर्णी प्रकाशन
_c1978
300 _a67
365 _b3.5
520 _aबालविभाग
630 _aबारा भाऊ
650 _aबालविभाग
730 _aबारा भाऊ
942 _cBOOK
999 _c653375
_d653372